Az Ibis Styles Budapest City

Bibliographic Details
Main Author: Monoki Tímea
Other Authors: Schablik dr Vilmos
Format: Project work
Kulcsszavak:Szálloda
Ibis Styles Budapest City
recepció
Online Access:http://dolgozattar.uni-bge.hu/22114

MARC

LEADER 00000nnm a2200000 i 4500
001 dolg22114
005 20190516142341.0
008 190516suuuu hu o 000 hun d
040 |a BGE Dolgozattár Repozitórium  |b hun 
041 |a hu 
100 1 |a Monoki Tímea 
245 1 3 |a Az Ibis Styles Budapest City  |c Monoki Tímea  |h [elektronikus dokumentum] 
246 1 1 |a Az Ibis Styles Budapest City 
516 |a Project_work 
695 |a Szálloda 
695 |a Ibis Styles Budapest City 
695 |a recepció 
700 1 |a Schablik dr Vilmos  |e ths 
856 4 0 |u http://dolgozattar.uni-bge.hu/22114/1/Monoki%20T%C3%ADmea_AFXHB4_TV.pdf  |z Dokumentum-elérés